Návrh nízkoteplotného vykurovania s tepelným čerpadlom

Salvato in:
Dettagli Bibliografici
Autore principale: Friedl, Michal (Autore)
Altri autori: Petráš, Dušan (Relatore della tesi)
Natura: Manoscritto Libro
Lingua:slovacco
Pubblicazione: 2018
Soggetti:
Accesso online:http://is.stuba.sk/zp/portal_zp.pl?podrobnosti=137751
https://opac.crzp.sk/?fn=detailBiblioForm&sid=CB745B58B0F7E53C045BC16F3E25
Tags: Aggiungi Tag
Nessun Tag, puoi essere il primo ad aggiungerne!!

MARC

LEADER 00000ntm a22000003a 4500
001 stuzp68718
003 SK-STU
005 20230616115632.0
007 ta
008 150427s2015----xo-----f-mn---000-0-slo-d
040 |a STU  |b slo 
041 0 |a slo 
100 1 |a Friedl, Michal  |u 010290  |4 aut  |U SvF Stavebná fakulta  |T SvF Katedra technických zariadení budov  |X 63304  |U V290  |Y 31  |7 63304 
242 0 1 |a Design of low temperature heating with heat pump  |y eng 
245 1 0 |a Návrh nízkoteplotného vykurovania s tepelným čerpadlom 
260 |c 2018 
650 4 |a Podlahové vykurovanie  |2 slo 
650 4 |a tepelné čerpadlo  |2 slo 
650 4 |a obnoviteľné zdroje energie  |2 slo 
650 4 |a renewable resources of energy  |2 eng 
650 4 |a Floor heating  |2 eng 
650 4 |a heat pump  |2 eng 
700 1 |a Petráš, Dušan  |u 010290  |k Z1  |4 ths  |U SvF Stavebná fakulta  |T SvF Katedra technických zariadení budov  |X 749  |U V290  |Y 31  |7 A000000749 
856 4 |u http://is.stuba.sk/zp/portal_zp.pl?podrobnosti=137751 
856 4 |u https://opac.crzp.sk/?fn=detailBiblioForm&sid=CB745B58B0F7E53C045BC16F3E25